000
00202 a2200097 4500
001
42673
100
_a
Hay Ian
245
_a
The unconquered ISLE
260
_a
London
_b
Hodder
_c
090
_c
26568
_d
26568
942
_a
NUST-CAE
_c
M
_c
18411
999
_c
277746
_d
277746